Score 0/36 Timer 04:00
0 Plays Today
Movie Word % Correct
When Harry Met ____...Sally
94.8%
When a Man Loves a ____Woman
94.3%
What's ____ Got to Do with ItLove
93.3%
What's the ____ That Could Happen?Worst
91.1%
I Know What You Did Last ____Summer
90.3%
Dude, Where's My ____?Car
89.6%
Where the ____ Things AreWild
88.3%
What a Girl ____Wants
88%
____ Hears a Who!Horton
87.8%
What Happens in ____Vegas
86.3%
When in ____Rome
86.2%
Who ____ Roger RabbitFramed
86.2%
Guess Who's Coming to ____Dinner
85.4%
I ____ Who Killed MeKnow
84.9%
The ____ Who Knew Too LittleMan
84.2%
What to ____ When You're ExpectingExpect
83.7%
Austin Powers: The Spy Who ____ MeShagged
83.6%
What ____ WantWomen
83.4%
Movie Word % Correct
O ____, Where Art Thou?Brother
83.4%
Ace Ventura: When ____ CallsNature
83.1%
Look Who's ____Talking
82.7%
What's ____ Gilbert GrapeEating
81.9%
What ____ Are You From?Planet
81.6%
The ____ Who Loved MeSpy
80.4%
What Lies ____Beneath
78.5%
The Men Who Stare at ____Goats
75.4%
Who's That ____Girl
72.2%
Why Do ____ Fall in LoveFools
70%
The Man Who Wasn't ____There
62.5%
Jeff, Who Lives at ____Home
54.5%
Where the ____ IsHeart
48.6%
Why Did I Get ____?Married
46.2%
What About ____?Bob
45.3%
Who's ____ Crumb?Harry
37.7%
What ____ May ComeDreams
36.6%
What's Your ____?Number
35.1%

Today's Daily Dose

Remove Ads.
Support Sporcle.
Get the best of Sporcle when you Go Orange. This ad-free experience offers more features, more stats, and more fun while also helping to support Sporcle. Thank you for becoming a member.

You're not logged in!

Compare scores with friends on all Sporcle quizzes.
OR
Log In

Show Comments

Extras

Top Quizzes Today


Score Distribution

Your Account Isn't Verified!

In order to create a playlist on Sporcle, you need to verify the email address you used during registration. Go to your Sporcle Settings to finish the process.

Report this User

Report this user for behavior that violates our Community Guidelines.

Details: